000 00803nam a22002417a 4500
003 DO-SdBNP
005 20240806132131.0
008 161202b2002 sp a 00| 0 spa d
020 _a9583009199
040 _aBPMSU
_bspa
_cBPMSU
082 4 _a843.47
_bP454p 2002
_222
100 1 _aPerrault, Charles
_d1628-1703
_968
245 1 0 _aPulgarcito /
_cCharles Perrault ; ilustración Javier Fernando Porras Rodríguez
260 _aMadrid :
_bPanamericana Editorial,
_c2002
300 _a8 p. :
_bil, ;
_c28 cm.
490 0 _aBiblioteca del cuento
_v
590 _aInventariado, 2024/VM
650 4 _aCuentos infantiles franceses
650 4 _aLiteratura infantil francesa
700 1 _aPorras Rodríguez, Javier Fernando
_eilustración
910 _aVMateo V. Control de calidad. BPMSUb
942 _2ddc
_cBK
999 _c14764
_d14764